Amíg az értéktelen agyagból kerámia lesz agyagművesség /

Elmentve itt :
Bibliográfiai részletek
Szerző: Karancsi Sándor
További közreműködők: Siposné Dr. Kedves Éva (Témavezető)
Dokumentumtípus: Szakdolgozat
Megjelent: 2000
Tárgyszavak:
Online Access:http://diploma.bibl.u-szeged.hu/84852
LEADER 00578nta a2200157 i 4500
001 dipl84852
005 20200302134111.0
008 200302s2000 hu om 0|| zxx d
040 |a SZTE Diploma Repozitórium  |b hun 
041 |a zxx 
100 1 |a Karancsi Sándor 
245 1 0 |a Amíg az értéktelen agyagból kerámia lesz   |h [elektronikus dokumentum] :  |b agyagművesség /  |c Sándor Karancsi 
260 |c 2000 
650 4 |a Természettudományok 
700 2 |a Siposné Dr. Kedves Éva  |e ths 
856 4 0 |u http://diploma.bibl.u-szeged.hu/id/eprint/84852/1/2000_karancsi_sandor.pdf  |z Dokumentum-elérés